<?xml version="1.0" encoding="UTF-8"?>
<record
    xmlns:xsi="http://www.w3.org/2001/XMLSchema-instance"
    xsi:schemaLocation="http://www.loc.gov/MARC21/slim http://www.loc.gov/standards/marcxml/schema/MARC21slim.xsd"
    xmlns="http://www.loc.gov/MARC21/slim">

  <leader>01943cam a2200325 i 4500</leader>
  <controlfield tag="005">20240305165348.0</controlfield>
  <controlfield tag="008">070320s2005    sp     ||    |1|| ||spa d</controlfield>
  <datafield tag="020" ind1=" " ind2=" ">
    <subfield code="a">8495748657</subfield>
  </datafield>
  <datafield tag="035" ind1=" " ind2=" ">
    <subfield code="a">2582</subfield>
  </datafield>
  <datafield tag="040" ind1=" " ind2=" ">
    <subfield code="a">BUS</subfield>
    <subfield code="d">vLex</subfield>
  </datafield>
  <datafield tag="090" ind1=" " ind2=" ">
    <subfield code="c">2595</subfield>
    <subfield code="d">2595</subfield>
  </datafield>
  <datafield tag="245" ind1="0" ind2="3">
    <subfield code="a">El di&#xE1;logo entre los pueblos y las culturas en el marco de las relaciones eurolatinoamericanas</subfield>
    <subfield code="h">[Recurso electr&#xF3;nico] :</subfield>
    <subfield code="b">las perspectivas de las entidades subestatales : el caso de Galicia /</subfield>
    <subfield code="c">[directores de la obra] Carlos Francisco Molina del Pozo, Andr&#xE9;s Fai&#xF1;a Med&#xED;n ; Jamile Bergamaschine Mata Diz (coordinadora)</subfield>
  </datafield>
  <datafield tag="256" ind1=" " ind2=" ">
    <subfield code="a">Servicio en l&#xED;nea.</subfield>
  </datafield>
  <datafield tag="260" ind1=" " ind2=" ">
    <subfield code="a">Madrid :</subfield>
    <subfield code="b">Ediciones Jur&#xED;dicas DIJUSA,</subfield>
    <subfield code="c">2005.</subfield>
  </datafield>
  <datafield tag="300" ind1=" " ind2=" ">
    <subfield code="a">757 p. :</subfield>
    <subfield code="b">il. ;</subfield>
    <subfield code="c">25 cm.</subfield>
  </datafield>
  <datafield tag="500" ind1=" " ind2=" ">
    <subfield code="a">Recoge los trabajos presentados al VI Congreso Eurolatinoamericano sobre Integraci&#xF3;n, que tuvo lugar en Granada entre los dias 14 a 16 de abril de 2004.</subfield>
  </datafield>
  <datafield tag="504" ind1=" " ind2=" ">
    <subfield code="a">Incluye referencias bibliogr&#xE1;ficas.</subfield>
  </datafield>
  <datafield tag="506" ind1="1" ind2=" ">
    <subfield code="a">Contenido solo disponible en los productos indicados</subfield>
    <subfield code="d">vLex Global</subfield>
    <subfield code="d">vLex Global (Academic Edition, excluding Law Schools)</subfield>
    <subfield code="d">vLex Global (U.S. Academic Edition, Law Schools)</subfield>
    <subfield code="d">vLex Global (U.S. Academic Edition, excluding Law Schools)</subfield>
    <subfield code="d">vLex Global (Academic Edition, Law Schools)</subfield>
  </datafield>
  <datafield tag="650" ind1="0" ind2="4">
    <subfield code="a">Regionalismo</subfield>
    <subfield code="z">Am&#xE9;rica Latina</subfield>
    <subfield code="x">Congresos.</subfield>
  </datafield>
  <datafield tag="650" ind1="0" ind2="4">
    <subfield code="a">Regionalismo</subfield>
    <subfield code="z">Pa&#xED;ses de la Uni&#xF3;n Europea</subfield>
    <subfield code="x">Congresos.</subfield>
  </datafield>
  <datafield tag="651" ind1=" " ind2="4">
    <subfield code="a">Am&#xE9;rica Latina</subfield>
    <subfield code="x">Integraci&#xF3;n econ&#xF3;mica</subfield>
    <subfield code="x">Congresos.</subfield>
  </datafield>
  <datafield tag="651" ind1=" " ind2="4">
    <subfield code="a">Europa</subfield>
    <subfield code="x">Integraci&#xF3;n econ&#xF3;mica</subfield>
    <subfield code="x">Congresos.</subfield>
  </datafield>
  <datafield tag="651" ind1=" " ind2="4">
    <subfield code="a">Am&#xE9;rica Latina</subfield>
    <subfield code="x">Relaciones</subfield>
    <subfield code="z">Pa&#xED;ses de la Uni&#xF3;n Europea</subfield>
    <subfield code="x">Congresos.</subfield>
  </datafield>
  <datafield tag="651" ind1=" " ind2="4">
    <subfield code="a">Pa&#xED;ses de la Uni&#xF3;n Europea</subfield>
    <subfield code="x">Relaciones</subfield>
    <subfield code="z">Am&#xE9;rica Latina</subfield>
    <subfield code="x">Congresos.</subfield>
  </datafield>
  <datafield tag="700" ind1="1" ind2=" ">
    <subfield code="a">Molina del Pozo, Carlos Francisco,</subfield>
    <subfield code="e">dir.</subfield>
  </datafield>
  <datafield tag="700" ind1="1" ind2=" ">
    <subfield code="a">Fai&#xF1;a Med&#xED;n, Andr&#xE9;s,</subfield>
    <subfield code="e">dir.</subfield>
  </datafield>
  <datafield tag="740" ind1="0" ind2=" ">
    <subfield code="a">vLex Libros (Servicio en l&#xED;nea)</subfield>
  </datafield>
  <datafield tag="856" ind1="4" ind2="0">
    <subfield code="u">https://app.vlex.com/#/sources/dialogo-pueblos-culturas-marco-relaciones-latinoamericanas-2582</subfield>
  </datafield>
  <datafield tag="942" ind1=" " ind2=" ">
    <subfield code="c">RAA</subfield>
  </datafield>
  <datafield tag="952" ind1=" " ind2=" ">
    <subfield code="0">0</subfield>
    <subfield code="1">0</subfield>
    <subfield code="4">0</subfield>
    <subfield code="7">0</subfield>
    <subfield code="8">VLEX</subfield>
    <subfield code="9">319036</subfield>
    <subfield code="a">BD-UIN</subfield>
    <subfield code="b">BD-UIN</subfield>
    <subfield code="d">2024-03-05</subfield>
    <subfield code="l">0</subfield>
    <subfield code="p">2582</subfield>
    <subfield code="r">2024-03-05</subfield>
    <subfield code="w">2024-03-05</subfield>
    <subfield code="y">RAA</subfield>
  </datafield>
  <datafield tag="999" ind1=" " ind2=" ">
    <subfield code="c">161016</subfield>
    <subfield code="d">161016</subfield>
  </datafield>
</record>
